000 01075nam a2200205Ia 4500
003 Ost
005 20260507075116.0
008 260507s9999||||xx |||||||||||||| ||und||
020 _a1191328911
040 _cfsecg
041 _aara
082 _a330.1
100 _aمسعد، محي محمد
_eمؤلف
245 0 _aالوجيز في مبادئ علم الإقتصاد /
_c محي محمد مسعد
260 _aالإسكندرية:
_bدار الجامعة الجديدة,
_c2004
300 _a264 صفحة؛
_bإيضاحات ؛
_c24 سم
520 _aمقدمة لعلم الإقتصاد- المشكلة الإقتصادية- طبيعة علم الإقتصاد وموضوعه ومنهجه- التاريخ الإقتصادي- النظام الرأسمالي- النظام الإشتراكي- النظام الإقتصادي الإسلامي- التحليل الإقتصادي الجزئي- المفاهيم والمرتكزات الأساسية- نظرية ثمن السوق- نظرية الإنتاج
653 _aالإقتصاد- علم
942 _cكتاب
999 _c43013
_d43013